Регионална библиотека "Любен Каравелов" - Русе

Ема (Запис номер 530805)

MARC детайли
000 -Лидер
Лидер 01023nam a2200277 a 4500
003 - Код на организацията, давaща контролен номер
Код на организацията, даваща контролен номер BLK
005 - Дата и час на последна редакция
Дата и час на последна редакция 20250717172936.0
007 - Фиксирано поле за физическо описани
Физическо описание ta
008 - Елементи от данни с фиксирана дължина
Елементи с фиксирана дължина 221104b bu |||||r|||| 00| | bu d
020 ## - Международен стандартен номер на книга ISBN
ISBN 9786190215431
040 ## - Източник на каталожния запис
Код на библиотеката BLK
041 ## - Код за език
Език Български
Език за КДБФ Български
080 ## - УДК
9 (RLIN) 240643
УДК текст Френска литература
УДК код 821.133.1
УДК – определител -312.4
УДК – код + определител 821.133.1-312.4
084 ## - Класификационен индекс по друга класификация
Авторски знак Рен - Р 52
100 ## - Редна дума - Автор
R(LIN) 498058
Автор Рено, Жан
245 ## - Сведения за заглавието
Заглавие Ема
Авторска отговорност Жан Рено ; прев. от фр. Красимир Петров
260 ## - Област на издателските данни
9 (RLIN) 209486
Място на издаване София
Име на издателя Колибри
Година на издаване 2024
Печатница София: Алианс принт
300 ## - Физическа характеристика
Брой страници 277 с.
Размер 20 см
380 ## - Жанр
Жанр Худож. лит.
500 ## - Общи забележки
Обща забележка Ориг. загл.: Emma / Jean Reno<br/>Биогр. данни за авт. отбелязани на гърба на кор.
700 ## - Други автори (авторска отговорност)
9 (RLIN) 250412
Друг автор Петров, Красимир Тодоров
852 ## - Местоположение
Сигнатура (форматна) Цб 326694
Отдел Хранилище
856 ## - Електронен адрес и достъп
Инструкция (цена за достъп) 0.00
Права за достъп disable
942 ## - АРТИКУЛИ
Вид на библиотечния документ Книги
Скрит в OPAC Не
Koha issues (borrowed), all copies 1
944 ## - СЪЗДАВАНЕ И РЕДАКЦИЯ на ЗАПИСА
Създаване/Редакция
Дата на регистрацията/редакция Моника Янева
Служител, извършил регистрацията/редакцията 30530
Номер на служител Минев Младен
999 ## - СИСТЕМНИ КОНТРОЛНИ НОМЕРА
Koha biblionumber 530805
Koha biblioitemnumber 530805
Наличности
Код за отписване Код за изгубен артикул Източник на класификационната схема Код за повреда Коз за рестрикции Код за отдаване Артикулен № Име на библиотеката - собственик Име на библиотеката, в която се намира в момента Статус (Текущо местоположение) Дата на вписване в системата Местоположение - отдел Цена в лева Инвентарен номер Систематично азбучна сигнатура Баркод Цена в евро Служебен тип на артикула
  Не е изгубен Universal Decimal Classification Не е повреден само за читалня ползва се в читалня 971113 Регионална библиотека "Любен Каравелов" Русе Регионална библиотека "Любен Каравелов" Русе Хранилище 2025-05-21 Хранилище 24.00 120000919512 Цб 326694 120000919512 12.27 Книги
  Не е изгубен Universal Decimal Classification Не е повреден   заемане за дома 981592 Регионална библиотека "Любен Каравелов" Русе Регионална библиотека "Любен Каравелов" Русе Заемна - подръчен фонд 2025-07-17 Заемна - подръчен фонд 15.60 120000920924 821-31/Р 52 Ж 120000920924 7.98 Книги
Vip Innovations Ltd, Rousse, Bulgaria 2025